Statistics for The only remaining country in the world that... (with a map)

Click here to take the quiz!

General Stats

  • This quiz has been taken 4,810 times
  • The average score is 50 of 196

Answers on the Map

Answers color-coded by a green-red scale on the quiz's map according to % correct below.
 

Answer Stats

The only country that...Country% Correct
is inhabited by at least one pope.Vatican City
99%
has a border dispute with India over an area larger than 1000km2.China
73%
is smaller than 25km2.Monaco
67%
has a capital starting with i.Pakistan
63%
is landlocked in the Americas.Paraguay
63%
is a city-state.Singapore
62%
claims area in Kashmir.India
60%
has a mountain over 8km high.Nepal
59%
is in the Himalayas.Bhutan
58%
is geographically within 5km of the United States.Russia
56%
has more than 250 million inhabitants.Indonesia
55%
is further than 80o north.Norway
55%
is in the top 5 oil producers both per capita and in barrels/day.Saudi Arabia
55%
has more than 20 official languages.Bolivia
54%
at least 30 other countries import the most from.United States
54%
borders 3 countries starting with M.Algeria
53%
ends on -STAN.Kyrgyzstan
53%
has at least 2 South American metropolitan areas with over 3 million inhabitants in 2015.Colombia
51%
borders the highest navigable lake.Peru
51%
has territory on 3 of the largest 10 islands.Canada
49%
has United in its name.United Kingdom
49%
touches the Arctic sea.Iceland
48%
starts with R.Rwanda
48%
is doubly landlocked.Uzbekistan
48%
is in the historical region of Rhodesia.Zambia
48%
has territory on Borneo.Malaysia
47%
is an island country in the Mediterranean.Cyprus
46%
borders Lake Victoria.Kenya
45%
has more than 400,000km2 of tropical rainforest.Democratic Republic
of the Congo
44%
is larger than 1,850,000km2 and lies on the tropic of Cancer.Mexico
44%
produced more than 6.75 million tonnes of bananas in 2016.Brazil
43%
borders 3 countries smaller than 10,000km2.France
43%
borders at least 9 other countries.Germany
43%
is on the Iberian peninsula.Andorra
42%
has more than 1,750,000km2 of desert and tundra.Australia
42%
has German as an official language.Austria
42%
has a launch base where humans have been launched into space by 2018.Kazakhstan
42%
is fully enclaved by another country.Lesotho
42%
has a capital city colder than Moscow.Mongolia
42%
ends on a unique last letter (G, H, K, Q)Iraq
41%
has more than 300 languages being spoken.Papua New Guinea
41%
has an autonomous division spanning over 95% of the land area.Denmark
40%
has territory on "The Emerald Isle".Ireland
40%
produced at least 300 feature films in 2015.Nigeria
39%
has more than 50% of the delta of a European river longer than 2,300km.Romania
39%
borders the North Sea.Belgium
38%
is on Hispaniola.Haiti
38%
has an average elevation over 3000m.Tajikistan
38%
has a flag featuring the Union Jack.Fiji
37%
has a 13 letter 1 word name.Liechtenstein
37%
was a colony of the Netherlands that has since gained independence.Suriname
37%
borders the largest time zone jump over a land borderAfghanistan
36%
borders the Caspian Sea.Azerbaijan
36%
claims part of Antarctica.New Zealand
36%
is home to the highest mountain of its continent.Tanzania
36%
has more than 100 million muslims.Bangladesh
35%
has a capital starting with O.Burkina Faso
35%
has planted a flag on the moon by January 2019.Japan
35%
has a canal allowing ships to not have to circumnavigate an entire continent.Panama
34%
is in Indochina.Cambodia
33%
has a flag which is only blue and yellow.Ukraine
33%
has won a FIFA mens world championship by 2018.Uruguay
33%
had over 60 homicides per 100,000 inhabitants in 2016.El Salvador
32%
starts with I.Israel
32%
is within 0.5o south of the equator, yet has no land area north.Nauru
32%
has an 18 letter sequence in its name the same as another country.Republic of the Congo
32%
has the southernmost point of the mainland of its continent.South Africa
32%
was the origin of one of the 6 largest empires ever by land area.Spain
32%
has a unique first letter.Yemen
32%
has an X in its name.Luxembourg
30%
has its capital city within 10km of another capital city.Italy
29%
has over 15,000km of coastline.Philippines
29%
has an elevation span larger than 7000m.Argentina
28%
has part of the Atlas Mountains.Morocco
28%
has won more than 500 medals at all summer and winter olympics until 2019 combined.Sweden
28%
had more than 550 prisoners per 10,000 inhabitants in 2018.Turkmenistan
28%
is on the Strait of Hormuz.Oman
27%
paid for its UN membership by leasing its internet domain.Tuvalu
27%
starts with K.Kosovo
26%
had more than 3 million more men than women in 2016.United Arab Emirates
26%
took part in the War of the Pacific (aka Salpeter war).Chile
25%
has at least 20 world heritage sites.Iran
25%
shares its name with a river longer than 1100km.Niger
25%
has a flag featuring the constellation Crux (aka Southern Cross).Samoa
25%
has an element in the periodic table named after it.Poland
24%
has a name with 5 words.Saint Vincent and the
Grenadines
24%
has a capital starting with Port.Trinidad and Tobago
24%
has uncontacted tribes.Venezuela
24%
has declared itself socialist.Vietnam
24%
had an HDI higher than 0.930 in 2018.Switzerland
23%
has more than 25,000km2 of water area.Finland
22%
has a name with only one syllable.Laos
22%
produced more than 650,000 tonnes of whole cow milk cheese in 2014.Netherlands
22%
was (partially) part of the Japanese empire in December 1940.North Korea
22%
had a life expectancy higher than 82 years in 2017.South Korea
22%
has between 1 and 40 km of coastline.Bosnia and
Herzegovina
21%
has the name of its continent in its name.Central African Republic
21%
has its capital on the Danube river.Hungary
21%
touches the Baltic Sea.Latvia
21%
has a cardinal direction (North, East, South, West) in its name.North Macedonia
21%
was home to at least one of the 35 strongest earthquakes recorded by 2018.Portugal
21%
is an island country in the Indian Ocean.Sri Lanka
21%
received more than 20 million visitors in 2016.Thailand
21%
has hosted the creation of a core Commonwealth declaration.Zimbabwe
21%
is on the shortest land border between two countries.Botswana
20%
borders the Red Sea.Eritrea
20%
has hosted an Olympics by 2019.Greece
20%
uses the imperial system of measurement.Liberia
20%
ends in -L.Senegal
20%
had at least 8 urban areas with more than 1 million inhabitants in 2018.Turkey
20%
is landlocked in Asia.Armenia
19%
was once part of the USSR.Georgia
19%
produced more than 2 million tonnes of cocoa in 2017.Ivory Coast
19%
has a 4 letter name.Mali
19%
was hit by a tornado causing over 100 deaths by 2018.Malta
19%
has been sovereign without subordination since 1725.San Marino
19%
touches the Sahara desert.Sudan
19%
has its lowest point more than 500m above sealevel.Uganda
19%
owns more than 50% of a sea island larger than 1km2 shared undisputedly by at least 2 countries.Dominican Republic
18%
has a capital with the same name.Guatemala
18%
has a weapon on its flag.Mozambique
18%
had an obesity rate over 40% in 2014.Palau
18%
has at least 40 islands larger than 10km2.Solomon Islands
18%
contains no O-Z in both the country and capital name.Chad
17%
has one of the 22 largest economies in 2019.Egypt
17%
borders only one other country.Gambia
17%
hosts one of the New 7 wonders of the world.Jordan
17%
has a highest recorded temperature of at least 51oC.Kuwait
17%
ends in -land(s).Marshall Islands
17%
has more than one capital.Benin
16%
was once part of French Equatorial Africa.Gabon
16%
is an absolute monarchy.Eswatini
15%
has less than 6cm of precipitation per year on average.Libya
15%
is a megadiverse country (has more than 5,000 endemic plant species and borders marine ecosystems).Madagascar
15%
has a GDP per capita (PPP) of more than $50,000 in 2017.Qatar
15%
touches the Mediterranean.Albania
14%
had more than 600 vehicles per 1000 inhabitants in 2018.Brunei
14%
was home to the strongest earthquake of the year between 2000 and 2018.Ecuador
14%
became independent after 2000.Montenegro
14%
solely owns a lake of at least 3,000km2 in surface area.Nicaragua
14%
borders at least 8 other countries.Serbia
14%
is in the top 5 countries with the most people practicing Wahhabism.Bahrain
13%
has at least one of the four extreme points (N, E, S, W) of any continent mainland.Tunisia
13%
starts with 2 consecutive vowels.East Timor
12%
has a capital which differs only one letter from the capital of another country.Jamaica
12%
has no first level subdivisions (provinces, constituent countries,...).Kiribati
12%
is 99% or more islamic.Mauritania
12%
has participated in at least 15 summer or winter Olympics without winning a medal.Myanmar
11%
had adopted the Euro by 2012.Slovakia
11%
starts with any letter from T to Z.Togo
11%
has at least 10 colours in its flag.Belize
10%
is involved in a border dispute in Europe.Croatia
10%
had exactly 1 McDonald's restaurant in 2018.Cuba
10%
is landlocked.Czechia
10%
lies on the equator.São Tomé and Príncipe
10%
had an illiteracy rate over 65% in 2015.South Sudan
10%
had more than 275 McDonald's restaurants in 2018.Taiwan
10%
has at least 50 active volcanos.Ethiopia
9%
has more than 1000 people per km2.Maldives
9%
executed at least 25 people between 2015 and 2018.Somalia
9%
has a (near-)persistent lava lake.Vanuatu
9%
had an urban area with at least 5 million inhabitants in January 2019.Angola
8%
has less than 40% of its area on the largest two land masses.Bahamas
8%
has a flag with a crescent.Comoros
8%
has less than 10 people per km2.Guyana
8%
has no official language.Mauritius
8%
is larger than 825,000km2.Namibia
8%
has a Y in its name.Seychelles
8%
has never been set foot in by the British military or been under British rule.Belarus
7%
is in Eurasia.Bulgaria
7%
had a real GDP growth rate above 6.3% in 2018.Djibouti
7%
is in the Americas.Dominica
7%
had an economic freedom index of at least 76.3% in 2018.Estonia
7%
is an island country.Federated States of
Micronesia
7%
was deliberately bombed by the US with hostile intent and casualties between 1946 and 2018.Grenada
7%
is on the ring of fire.Honduras
7%
had more than 2 alcoholic drinks per person per day in 2016.Lithuania
7%
has a flag with three vertical stripes (emblems allowed).Moldova
7%
is smaller than 325km2.Saint Kitts and Nevis
7%
has won at least 2 Nobel prizes by 2018.Saint Lucia
7%
had an average murder rate of less than 1 per 100,000 inhabitants between 2000 and 2016.Slovenia
7%
has its lowest point more than 100m below sealevel.Syria
7%
has had an earthquake with at least magnitude 8 by 2018.Tonga
7%
has the Sun on its flag.Antigua and Barbuda
6%
had a birth rate of more than 5 children per woman in 2018.Burundi
6%
is in the top 15 countries with the most air pollution (manmade or natural).Cameroon
6%
comes before all its bordering countries alphabetically whilst sharing at least one border.Costa Rica
6%
has English as national language.Ghana
6%
had a life expectancy lower than 60 years in 2017.Guinea-Bissau
6%
is more than 6% water area.Malawi
6%
comes after all its bordering countries alphabetically whilst sharing at least one border.Sierra Leone
6%
used to have a McDonald's restaurant, which has since closed.Barbados
5%
has a capital starting with 2 consonants.Cape Verde
5%
is in the world.Equatorial Guinea
5%
had an average real GDP growth rate above 5.6% between 2013 and 2018.Guinea
5%
has a capital without the letter A.Lebanon
5%

Score Distribution

Percentile by Number Answered

Percent of People with Each Score

Your Score History

You have not taken this quiz